| 000 | 00702nam a2200193 i 4500 | ||
|---|---|---|---|
| 001 | 170040 | ||
| 003 | ES-MaACL | ||
| 005 | 20240526062942.0 | ||
| 008 | 090119s1924 fr a |||| | fre d | ||
| 080 | _a821.133.1-2"17" | ||
| 100 | 1 |
_aLesage, Alain-René, _d1668-1747 _971822 |
|
| 245 | 1 | 0 |
_aTurcaret _b: comédie en cinq actes, suivi de la Tontine / _cA.-R. Le Sage. |
| 260 |
_aParis : _bFrance-Édition, _c[1924] |
||
| 300 |
_a128 p. : _bil. ; _c25 cm. |
||
| 596 | _aFecha de publ. tomada del Cat. de la B.N. de Francia. | ||
| 740 | 3 | 2 | _aLa Tontine : comédie en un acte et en prose. |
| 852 |
_aES-MaACL _jE-12390 _z. - Biblioteca Jacinto Martínez Lacalle |
||
| 999 |
_c170040 _d170040 |
||